000
00282nam a2200133Ia 4500
100
_a
Higdon/A etc
942
_c
BK
654
_a
Mechanics
245
_a
Mechanics of materials
260
_b
John Wiley
_a
NEWYORK
_c
1985
082
_a
620.1
_b
PAN
546
_a
ENGLISH
999
_c
18001
_d
18001